000 00311nam a2200109Ia 4500
008 171211s9999 xx 000 0 und d
245 2 _aA History of the Jana Natya Manch: Plays for the People
245 _cArjun Ghosh
260 _c2012
650 _xART
856 _uhttp://down.ebook777.com/063/8132107284.pdf
999 _c348541
_d348541